000 00735nam a2200241Ia 4500
003 GCL
008 140319s9999 xx 000 0 ara d
040 _aGCL /
_cGCL
082 0 4 _aط
_b813.087
_bل س
100 1 _aلونبمان
245 1 0 _aالحشرة الذهبية وقصص اخرى /
_cلونبمان
260 _a[S.N] :
_bمكتبة لبنان
490 _aالنابها الحكايات اللطفية
_v0
650 0 4 _aقصص البطولات
650 0 4 _aالاطفال
650 0 4 _aالادب
650 0 4 _aقصص الاطفال
650 0 4 _aادب الاطفال
650 0 4 _aالقصص الخرافية
650 0 4 _aكتب الاطفال
650 0 4 _aقصص المغامرات
942 _2ddc
_cBK
999 _c33694
_d33694